| 000 | 00518nam a2200205Ia 4500 | ||
|---|---|---|---|
| 003 | GCL | ||
| 008 | 140319s9999 xx 000 0 aRus d | ||
| 040 |
_aGCL / _cGCL |
||
| 082 | 0 | 4 |
_a861 _bS V |
| 100 | 1 | _aSALINAS, PEDRO | |
| 245 | 1 | 0 |
_aLA VOZ ATIDEBIDA RAZON DE AMOR / _cSALINAS, PEDRO |
| 260 |
_a[S.N] : _bCLASICO CASTALIA ، _c1989 |
||
| 300 | _a210 | ||
| 650 | 0 | 4 | _aLITERATURE |
| 650 | 0 | 4 | _aSPANISH POEMS |
| 650 | 0 | 4 | _aPOETRY |
| 650 | 0 | 4 | _aSPANISH LITERATURE |
| 650 | 0 | 4 | _aSPANISH POETRY |
| 942 |
_2ddc _cBK |
||
| 999 |
_c12797 _d12797 |
||